| 000 | 00791nam a2200265Ia 4500 | ||
|---|---|---|---|
| 001 | dia_4281 | ||
| 003 | CHAP | ||
| 005 | 20230206103915.0 | ||
| 007 | ta | ||
| 008 | 220117s1985 mx f 000 0 spa d | ||
| 010 | _a174930 | ||
| 040 |
_cCHAP _amxchpua |
||
| 090 | _aFOLLETO 2807 | ||
| 100 | 1 |
_aLópez Delgado, Humberto _9155770 |
|
| 245 | 1 | 0 |
_aObtención y conservación de genotipos de papa libre de virus / _cHumberto López Delgado |
| 260 |
_aMéxico : _b SARH. Instituto Nacional de Investigaciones Agrícolas, _c1985 |
||
| 300 | _a16 páginas | ||
| 440 |
_942053 _aFolleto misceláneo _n3 |
||
| 500 | _aD. | ||
| 650 | 1 | 3 |
_aPapa _985165 |
| 901 | _aFOLLETO 2807 | ||
| 902 | _aM | ||
| 905 | _a0000001985 mx 0000000000spa00 | ||
| 942 |
_cFOLL _2local |
||
| 999 |
_c174930 _d174930 |
||